00366pab a2200121 454500008004000000100002000040245006600060260000900126300001200135362001300147650003700160773004700197180718b1987 xxu||||| |||| 00| 0 eng d aViswanathan, S. aAgriculture in Tamil Nadu - poor growth despite massive props c1987 a296-301 aMay-June aAgriculture - India - Tamil Nadu aMadras Development Seminar series Bulletin